[Event "Rome Elo op 2nd"]
[Site "Rome"]
[Date "2009.02.11"]
[Round "5"]
[White "Belli, Alessandro"]
[Black "Romano, Ugo"]
[Result "1-0"]
[WhiteElo "1517"]
[BlackElo "1902"]
[PlyCount "49"]
[EventDate "2009.01.14"]
[EventType "swiss"]
[EventRounds "7"]
[EventCountry "ITA"]
[SourceTitle "EXT 2011"]
[Source "ChessBase"]
[SourceDate "2010.11.26"]
[SourceVersion "1"]
[SourceVersionDate "2010.11.26"]
[SourceQuality "1"]

1. e4 c5 2. Nc3 e6 3. g3 g6 4. Bg2 Bg7 5. d3 Nc6 6. Be3 d6 7. Nge2 Nd4 8. f4 Ne7 9. 0-0 Rb8 10. a4 a6 11. Rf2 0-0 12. Qd2 Bd7 13. g4 Qc7 14. Ng3 b5 15. axb5 axb5 16. Rb1 Qa5 17. Rff1 b4 18. Nce2 Nec6 19. f5 b3 20. c3 Nc2 21. Bh6 N2d4 22. Bxg7 Nxe2+ 23. Nxe2 exf5 24. exf5 Rfe8 25. Bf6 1-0

[Event "Rome Steinitz op 1st"]
[Site "Rome"]
[Date "2002.07.07"]
[Round "5"]
[White "Romano, Ugo"]
[Black "Cardinali, Egidio"]
[Result "0-1"]
[WhiteElo "1476"]
[BlackElo "1546"]
[PlyCount "50"]
[EventDate "2002.07.05"]
[EventType "swiss"]
[EventRounds "5"]
[EventCountry "ITA"]
[SourceTitle "EXT 2007"]
[Source "ChessBase"]
[SourceDate "2006.11.23"]
[SourceVersion "1"]
[SourceVersionDate "2006.11.23"]
[SourceQuality "1"]

1. Nf3 d5 2. g3 Nc6 3. Bg2 e5 4. 0-0 Bc5 5. d3 Nf6 6. Nbd2 Bg4 7. h3 Be6 8. e4 d4 9. Nb3 Bd6 10. Bd2 Qd7 11. Kh2 h6 12. Ng1 Nh7 13. f4 exf4 14. Bxf4 0-0-0 15. Qd2 f6 16. a3 Be7 17. Qe2 g5 18. Bd2 h5 19. Qxh5 g4 20. Rf5 gxh3 21. Nxh3 Ng5 22. Qg4 Ne5 23. Qe2 Nxh3 24. Bxh3 Bxf5 25. exf5 Qxf5 0-1

[Event "Rome Steinitz op 1st"]
[Site "Rome"]
[Date "2002.07.06"]
[Round "2"]
[White "Gorini, Tommaso"]
[Black "Romano, Ugo"]
[Result "1-0"]
[WhiteElo "1600"]
[BlackElo "1476"]
[PlyCount "57"]
[EventDate "2002.07.05"]
[EventType "swiss"]
[EventRounds "5"]
[EventCountry "ITA"]
[SourceTitle "EXT 2007"]
[Source "ChessBase"]
[SourceDate "2006.11.23"]
[SourceVersion "1"]
[SourceVersionDate "2006.11.23"]
[SourceQuality "1"]

1. e4 g6 2. d4 Bg7 3. Nf3 c5 4. c3 cxd4 5. Nxd4 Nc6 6. Be3 a6 7. Bc4 d6 8. 0-0 Nf6 9. f3 0-0 10. Na3 Rb8 11. Qd2 Re8 12. Nac2 d5 13. exd5 Nxd5 14. Rad1 Nxe3 15. Qxe3 Qc7 16. Bb3 Na5 17. Bd5 e6 18. Nb3 Bd7 19. Be4 Bb5 20. Bd3 Bxd3 21. Rxd3 Red8 22. Rfd1 Nc4 23. Qc1 Rxd3 24. Rxd3 Rd8 25. Rxd8+ Qxd8 26. Ncd4 Qb6 27. Kh1 a5 28. Qf1 a4 29. Qxc4 1-0